000 02632nam a2200325Ia 4500
003 OSt
005 20251112141327.0
008 210210b2014 xxu||||| |||| 00| 0 eng d
020 _a9788126044861
040 _cAL
041 _aKannada
082 _aK894.109 VARG
100 _aVARMA (Pavan K)
_dವರ್ಮಾ (ಪವನ್ ಕೆ)
_9245213
245 _aGalib: vyaktitva mattu yuganta
_bಗಾಲಿಬ್ ವ್ಯಕ್ತಿತ್ವ ಮತ್ತು ಯುಗಾಂತ
260 _aNavadehali
_bSahity Akademi
_c2014
300 _a272
520 _aಮಿರ್ಜಾ ಮೊಹಮದ್ ಇಸರುಲ್ಲಾಹ್ ಖಾನ್ ಗಾಲಿಬ್ (1797-1869) ಒಂಬತ್ತನೆ ವಯಸ್ಸಿನಲ್ಲಿ ಬರೆದ ಪರ್ಷಿಯನ್ ಕವಿತೆ ಓದಿ ಇವನಿಗೆ ಭವ್ಯ ಭವಿಷ್ಯವಿಗೆ ಎಂದಿದ್ದ ಅಂದಿನ ಪ್ರಮುಖ ಕವಿ ಮಿರ್. ಆದರೆ ಮೂರ್ಖರನ್ನು ಸಹಿಸದ ಅದ್ಭುತ ಕವಿ ಗಾಲಿಗ್ ಗೆ ಅವರ ಯುಗ ಮತ್ತು ಸಮಾಜ ಎರಡೂ ವಿರುದ್ಧವಾಗಿದ್ದವು. ಮುಘಲ್ ಅಸ್ಥಾನದ ಅವನತಿ, ಬ್ರಿಟಿಷ್ ಸಾಮ್ರಾಜ್ಯದ ಉತ್ಕರ್ಷ, 1857ರ ಸ್ವಾತಂತ್ರ್ಯ ಹೋರಾಟ ಎಲ್ಲಕ್ಕೂ ಸಾಕ್ಷಿಯಾಗಿದ್ದ ಅವನ ಪ್ರೀತಿಯಲ್ಲಿ ದಿಲ್ಲಿ ಹಂತಹಂತವಾಗಿ ಗುರುತು ಹಿಡಿಯಲಾರದಂತೆ ಬದಲಾಗಿ ಹೋಗುತ್ತಿದ್ದಾಗಲೆ ಹುಟ್ಟಿತು ಅವರ ಅಮರ ಕಾವ್ಯ. ಹತ್ತೊಂಬತ್ತನೆ ಶತಕದ ಭಾರತದ ಅತ್ಯಂತ ಶ್ರೇಷ್ಠಕವಿ ಗಾಲಿಬ್ ನ ಜ್ವಲಂತ ಜೀವನ ಚರಿತ್ರೆ ಇದು. ಲೇಖಕ ಪವನ್ ಕೆ. ವರ್ಮ ಇಂಗ್ಲಿಷ್ ನಲ್ಲಿ ರಚಿಸಿರುವ ಕೃತಿಯನ್ನು ಬಿದರಹಳ್ಳಿ ನರಸಿಂಹಮೂರ್ತಿ ಕನ್ನಡೀಕರಿಸಿದ್ದಾರೆ.
650 _ayuganta
_9245214
650 _avyaktitva
_9245215
650 _aTr
_9245216
650 _aNarasimhamurti
_9245217
650 _amattu
_9245218
650 _aGalib:
_9245219
650 _aby
_9245220
650 _aBidarahalli
_9245221
690 _aKannada Poetry Criticism
_9245222
700 _aBidarahalli Narasimhamurti
_dಬಿದರಹಳ್ಳಿ ನರಸಿಂಹಮೂರ್ತಿ tr
_9245223
906 _a072030
942 _2ddc
_cBK
999 _c121962
_d121962